000 00271nam a2200109Ia 4500
008 231212s2005 xx 000 0 und d
041 _aeng
082 _a625.3811
100 _aPathak B.V.
245 _aIndustrial Organisation & Management
260 _aPune
_bNirali
_c2005
999 _c965619
_d965619